3 indices - 1 Département - Statistiques

Statistiques générales
  • Ce quiz a été pris 81 fois
  • Le résultat moyen est 14 sur 20
Statistiques - réponses
Indice 1 Indice 2 Indice 3 Département % Correct
Beffroi Saint-Éloi Ch'ti Flandres Nord
95%
Sébastien Loeb Parlement Européen Clocher de 142 mètres Bas-Rhin
85%
Ploumanach EAG Bréhat Côtes d'Armor
85%
Biarritz Frontière espagnole Ossau-Iraty Pyrénées-Atlantiques
85%
Ville rose Saucisse La Forêt de Buzet Haute-Garonne
81%
Corinne Coman 971 La Grande Soufrière Guadeloupe
79%
Synonyme blagues Festival Quiberon Morbihan
78%
Roland-Garros Cilaos Piton de la Fournaise Réunion
77%
Nom d'une capitale d'Europe Futuroscope Châtellerault Vienne
77%
Château historique Clairefontaine Rambouillet Yvelines
77%
Stade Malherbe Tapisserie de Bayeux Eau-de-vie à 40° Calvados
74%
Falaises Normandie Keen'V et Pierre Gasly Seine-Maritime
73%
Festival Chars avec citrons Théo Pourchaire Alpes-Maritimes
68%
Beauval Chambord Vendôme Loir-et-Cher
67%
Gouffre de Padirac Rivière éponyme Quercy Lot
67%
Guy Roux Sens Chablis Yonne
67%
La Flèche Endurance 23h60 Sarthe
60%
Montgolfière Mont Gerbier des Joncs Vallon Pont d'Arc Ardèche
52%
Pic Lory Chartreuse Mélina Robert-Michon Isère
44%
Ancienne capitale Global Games 2023 Jules Cluzel Allier
29%
Aucun quiz correspondant
Distribution des résultats
% des personnes avec chaque résultat
Percentile par nombre de réponses
Votre historique - résultats
Vous n’avez pas pris ce quiz